000
00282nam a2200097Ia 4500
008
220203s9999 xx 000 0 und d
245
0
_a
Rubber planting materials
260
_b
Rubber Research Institute of India
_a
Kottayam
_c
2012
650
_a
Rubber Plantation Development
942
_c
PN
999
_c
45196
_d
45196